Cartoon Shows A-Z Quiz Stats

 Plays Quiz Updated Feb 12, 2015

Challenge
Share
Tweet
Score 0/26 Timer 05:00
1 Play Today
% Correct
Garfield and Friends
97.5%
Family Guy
96.7%
The Simpsons
94.7%
Tom and Jerry
93.6%
Curious George
91.7%
The Yogi Bear Show
90%
My Little Pony: Friendship is Magic
89.9%
King of the Hill
86.7%
The Looney Tunes Show
84.4%
X-Men: Evolution
83.4%
He-Man Masters of the Universe
81.9%
Zorro
81.4%
Underdog
78.4%
% Correct
Animaniacs
78.2%
Johnny Bravo
76.8%
Bob's Burgers
74.4%
Ed Edd n Eddy
68.9%
Phineas and Ferb
67.6%
The Wild Thornberrys
58.5%
Daria
57.2%
Naruto
49.1%
Rocko's Modern Life
46.3%
Invader Zim
39.8%
Ozzy and Drix
39.2%
Quick Draw McGraw
38.4%
Voltron
23.4%

You're not logged in!

Compare scores with friends on all Sporcle quizzes.
OR
Log In

You Might Also Like...

Show Comments

Extras

Top Quizzes Today


Score Distribution

Your Account Isn't Verified!

In order to create a playlist on Sporcle, you need to verify the email address you used during registration. Go to your Sporcle Settings to finish the process.

Report this User

Report this user for behavior that violates our Community Guidelines.

Details: